Statistics for Song Quiz: Nick Drake

Click here to take the quiz!

General Stats

  • This quiz has been taken 5 times
  • The average score is 19 of 31

Answer Stats

Answer% Correct
Northern Sky
100%
Pink Moon
100%
River Man
100%
Bryter Layter
80%
Fruit Tree
80%
Parasite
80%
Road
80%
Saturday Sun
80%
Sunday
80%
At the Chime of a City Clock
60%
Cello Song
60%
Free Ride
60%
Harvest Breed
60%
Hazey Jane I
60%
Hazey Jane II
60%
Introduction
60%
Know
60%
Man in a Shed
60%
Things Behind the Sun
60%
Time Has Told Me
60%
Which Will
60%
Day Is Done
40%
Fly
40%
From the Morning
40%
Horn
40%
One of These Things First
40%
Place to Be
40%
Poor Boy
40%
The Thoughts of Mary Jane
40%
Three Hours
40%
Way to Blue
40%

Score Distribution

Percentile by Number Answered

Percent of People with Each Score

Your Score History

You have not taken this quiz